000 00578nam a2200181Ia 4500
008 151018s9999 xx 000 0 und d
082 _bRBASDV7780
_a920
100 _aप्रभाकर पाध्ये
245 _aव्यक्तिवेध
250 _b1
260 _bकेशरी प्रकाशन
_c1973
300 _a200
600 _aप्रभाकर पाध्ये
630 _aव्यक्तिवेध
700 _aप्रभाकर पाध्ये
730 _aव्यक्तिवेध
942 _cBOOK
999 _c1010145
_d1010142